Normal view
MARC view
- Lara Patrón, Rubén Jesús,
Entry Nombre Personal
001 - NUMERO DE CONTROL
- campo de control: 40716
003 - IDENTIFICADOR DE NUMERO DE CONTROL
- campo de control: UPN
005 - FECHA Y HORA DE LA ÜLTIMA TRANSACCIÓN
- campo de control: 20210219194600.0
008 - DATOS DE LONGITUD FIJA
- campo de control de longitud fija: nabaccnnaabn|||||||||| b |nc|||||d
035 ## - NUMERO DE CONTROL
- Número de control: UPN11000012823
040 ## - FUENTE DE CATALOGACIÓN
- Lenguaje de catalogación: SPA
- Agencia de transcripción: UPN
100 1# - ENCABEZAMIENTO - NOMBRE PERSONAL
- Nombre personal: Lara Patrón, Rubén Jesús,
- Fechas asociadas con el nombre: 1977-
670 ## - FUENTE EN LA QUE SE LOCALIZARON DATOS
- Cita de la fuente: T
- Uniform Resource Identifier: http://www.senado.gob.mx/comisiones/justicia/docs/Lara_Patron_Ruben_Jesus.pdf
680 ## - NOTA PUBLICA DE ACCESO PÚBLICO
- Frase explicativa de la referencia: Maestro en Derecho. Mexicano
902 ## - CATALOGADOR
- Catalogador: MMA/231017
